| 000 | 00878nam a2200265 i 4500 | ||
|---|---|---|---|
| 001 | bg | ||
| 100 | 1 |
_aMARCUS, Bruce W. _d(1925- ) |
|
| 245 | 0 |
_aNew dimensions in investor relations : _bcompeting for capital in the 21st century / _cBruce W. Marcus, Sherwood Lee Wallace. |
|
| 260 |
_aNew York [et al.] : _bJohn Wiley & Sons, _c1997. |
||
| 300 |
_aXVIII, 409 s. ; _c24 cm. |
||
| 490 | 1 | _aWiley Frontiers in Finance | |
| 504 | _aBibliogr. s. 393-401. - Indeks. | ||
| 650 | 9 |
_aPrzedsiębiorstwo _xinwestycje _xzagadnienia |
|
| 650 | 9 |
_aInwestycje _xfinanse _xzagadnienia |
|
| 650 | 9 | _aRynek finansowy | |
| 700 | 1 | _aWALLACE, Sherwood Lee | |
| 830 | _aWiley Frontiers in Finance | ||
| 020 | _a0471141534 | ||
| 040 | _cBPK | ||
| 041 | 0 | _aen | |
| 080 | _a658.14/.17:330.322:336.76 | ||
| 920 | _a0-471-14153-4 | ||
| 942 | _cKS | ||
| 008 | s pl f |000 0 pol | ||
| 999 |
_c33477 _d33477 |
||
| 856 |
_uhttp://koha.tu.koszalin.pl/cgi-bin/koha/opac-detail.pl?biblionumber=33477 _yKatalog online BPK |
||